000 00470nam a2200169Ia 4500
008 090711s9999 xx 000 0 und d
082 _b71531
100 _aमुजावर बशीर सा.
245 _aगूढ कथा
260 _c1993
300 _a200
600 _aमुजावर बशीर सा.
630 _aगूढ कथा
700 _aमुजावर बशीर सा.
730 _aगूढ कथा
942 _cBOOK
999 _c311112
_d311112